000 00605nam a22002297a 4500
003 UA-OsUOA
001 101080
007 ta
008 20130604b un ||||| |||| 00| 0 ukr d
100 _aЧехов А.П.
090 _a821.161.1
_bЧ-56
942 _cBK
040 _aUA-OsUOA
_brus
_cUA-OsUOA
_dUA-OsUOA
245 _aСобрание сочинений
_b12
_cПисьма
300 _a493 с.
955 _a3
041 _arus
080 _a821.161.1
260 _aМ.
_bПравда
_c1950
650 7 _a82 Література. Літературознавство
_2UDC
999 _c387330
_d387330